Formula One Teams and Engines 2026 - Statistics

General Stats
  • This quiz has been taken 47 times
  • The average score is 10 of 11
Answer Stats
Team Engine Supplier % Correct
Alpine Mercedes
100%
Mclaren Mercedes
100%
Mercedes Mercedes
100%
Williams Mercedes
100%
Cadillac Ferrari
98%
Ferrari Ferrari
98%
Haas Ferrari
98%
Audi Audi
91%
Aston Martin Honda
86%
Racing Bulls Red Bull Powertrain
43%
Red Bull Red Bull Powertrain
43%
No matching quizzes found
Score Distribution
Percent of People with Each Score
Percentile by Number Answered
Your Score History
You have not taken this quiz